| 000 | 00409 a2200145 4500 | ||
|---|---|---|---|
| 999 |
_c6114 _d6114 |
||
| 020 | _a1899987584 | ||
| 050 | _aHT 151 MAY1997 | ||
| 100 |
_aMay, Nicky _eauthor |
||
| 245 |
_aChallenging assumptions: _bgender issues in urban regeneration/ _cNicky May |
||
| 264 |
_aLayerthorpe: _bYPS, _c1997 |
||
| 300 | _a84p. | ||
| 500 | _aIncludes bibliographic references | ||
| 650 | _agender | ||
| 942 |
_2lcc _cBK _h151 _iMAY _kHT |
||